000 00275nam a2200133 i 4500
001 bg
245 0 _aVoprosy teorii plazmy.
250 _aVyp.6.
260 _aMoskwa,
_c1972.
040 _cBPK
041 _apol
942 _cKS
008 s pl f |000 0 pol
999 _c14648
_d14648
856 _uhttp://koha.tu.koszalin.pl/cgi-bin/koha/opac-detail.pl?biblionumber=14648
_yKatalog online BPK